000 01163nam0a22002891 4500
001 rc\3185983
005 20260405064356.0
021 _aRU
_b76-71704
021 _aRU
_bРг5235-76
035 _a(NLR Aleph) 007337064
090 _a6069696
_c6069696
100 _a20120628d1975 |||y0rusy50 ca
101 0 _arus
102 _aRU
105 _aa z |||a|
200 1 _aГрибной дождик
_eРассказ
_e[Для ст. дошкольного возраста]
_fРис. В. и Л. Петровых
210 _aЛенинград
_cДет. лит.
_d1975
215 _a20 с.
_cил.
_d28
700 1 _7ca
_8rus
_aВольф
_bС. Е.
_f1935-2005
_gСергей Евгеньевич
_95564
_3RU\NLR\AUTH\7722507
702 1 _4440
_7ca
_8rus
_aПетрова
_bВ. В.
_cхудожник
_f1922-2018
_gВалентина Владимировна
_9234353
_3RU\NLR\AUTH\770234409
702 1 _4440
_7ca
_8rus
_aПетров
_bЛ. Г.
_cхудожник
_f1919-1978
_gЛеонид Григорьевич
_9216367
_3RU\NLR\AUTH\770216423
801 0 _aRU
_bNLR
_gpsbo
801 1 _aRU
_bELAR
_2rusmarc
852 _aNLR
_j76-8/595
942 _cBOOK
980 _aNB